States along Canada - Statistics

General Stats
  • This quiz has been taken 33 times
  • The average score is 11 of 13
Answers on the Map
Answers color-coded by a green-red scale on the quiz's map according to % correct below.
 
Answer Stats
Answer % Correct
Maine
93%
Alaska
90%
Idaho
90%
Michigan
90%
Montana
90%
Ohio
90%
Pennyslvania
90%
Minnesota
87%
New York
87%
North Dakota
87%
Washington
87%
New Hampshire
83%
Vermont
80%
No matching quizzes found
Score Distribution
Percent of People with Each Score
Percentile by Number Answered
Your Score History
You have not taken this quiz